Sonata pro klavír, op. 25

Hlavní autor: Janeček, Karel, 1903-1974
Jazyk: Nelze použít, není lingvistický obsah
Vydáno: Praha : Supraphon, 1974
Vydání: 1. vyd.
Témata:
Fyzický popis: 41 s.
Hudebniny Hudebniny
Uloženo v:
LEADER 00808ncm a22002292a 4500
001 000579261
003 CZ BrMZK
005 20120606092627.0
007 qu
008 010825s1974 xr f zxx d
040 |a BOA001  |b cze 
072 7 |a 786  |x Hudba pro klávesové nástroje  |2 Konspekt  |9 9 
100 1 |a Janeček, Karel,  |d 1903-1974  |7 jk01050917  |4 cmp 
245 1 0 |a Sonata pro klavír, op. 25  |h [hudebnina] /  |c Karel Janeček 
250 |a 1. vyd. 
260 |a Praha :  |b Supraphon,  |c 1974 
300 |a 41 s. 
910 |a BOA001  |b PK-N-0016.578  |b Mus4-0729.365 
964 |a Klavír - skladby 
990 |a MU 
996 7 |b 2619089764  |c Mus4-0729.365  |l MZK  |r Sklad / do 1 hodiny  |n 0  |w 000579261  |u 000020  |a 1  |e BOA001  |j MZK50  |s A 
996 6 |b BC-9635  |c PK-N-0016.578  |l MZK  |r Sklad / do 1 hodiny  |n 0  |w 000579261  |u 000010  |a 1  |e BOA001  |j MZK50  |s P